000 00893nam a22002537a 4500
001 ENG-90747
005 20080825122348.0
008 080825t xxu||||| |||| 00| 0 eng d
010 _aENG-90747
020 _a9788178298368 (pbk.)
_c450.00
035 _aEN-74280
037 _bDBAD / PUB
040 _aDPL
082 _a658.3
100 _aVenkateswara Rao, T.
245 _aHRD score card 2500 :
_bbased on HRD audit /
_cby T.V. Rao.
260 _aNew Delhi
_bResponse Books,
_cc2008.
300 _a297p.
_c23 cm.(pbk)
500 _aIncludes index.
650 _aPersonnel management
_xEvaluation.
942 _2ddc
_cEN
_h658.3
_mVEN
999 _c15036
_d15036